Chính sách tài chính để phát triển ngành bông vải vùng Đông Nam bộ giai đoạn 2016-2020 : Sách chuyên khảo

محفوظ في:
التفاصيل البيبلوغرافية
التنسيق: Sách
اللغة:Undetermined
منشور في:  Kinh tế Tp. Hồ Chí Minh  2017
الموضوعات:
الوسوم: إضافة وسم
لا توجد وسوم, كن أول من يضع وسما على هذه التسجيلة!
Thư viện lưu trữ: Trung tâm Thư viện - Trường Đại học Công nghiệp TP. Hồ Chí Minh
LEADER 00551nam a2200133Ia 4500
001 UIH_04644
008 231011s9999 xx 000 0 und d
082 |a  336.3 
245 0 |a  Chính sách tài chính để phát triển ngành bông vải vùng Đông Nam bộ giai đoạn 2016-2020 : Sách chuyên khảo 
260 |b  Kinh tế Tp. Hồ Chí Minh 
260 |c  2017 
650 |a  Chính sách tài chính;  
927 |a Sách 
980 |a Trung tâm Thư viện - Trường Đại học Công nghiệp TP. Hồ Chí Minh